Starting strategies: strategies 1, an integrated language course for beginners of english

Guardat en:
Dades bibliogràfiques
Autors principals: Abbs, Brian (Autor), Freebairn, Ingrid (Autor)
Format: Llibre
Idioma:anglès
Publicat: Essex Longman 1977
Edició:1a. ed
Matèries:
Etiquetes: Afegir etiqueta
Sense etiquetes, Sigues el primer a etiquetar aquest registre!

MARC

LEADER 00000nam a2200000 a 4500
001 UCK0924
003 CL-VaPUC
008 041029e19770000uk |||||||||||||||||eng|d
020 |a 0582519055 
082 0 4 |a 428.0712  |b ABB  |2 21 
100 0 |a Abbs, Brian  |e author  |9 488716 
700 0 |a Freebairn, Ingrid  |e author  |9 488717 
245 1 0 |a Starting strategies: strategies 1, an integrated language course for beginners of english 
250 |a 1a. ed 
300 |a 136 p 
942 |c BK 
945 |d 20041029 00:00:00  |a vberengu 
260 |a Essex  |b Longman  |c 1977 
650 0 |a Lengua inglesa  |9 318842 
650 0 |a Enseñanza del inglés  |9 367340 
650 0 |a Libros de texto  |9 270019 
650 0 |a Educación lingüística  |9 306506 
583 |a last modification  |c 20171121 11:59:40  |k Rodrigo Vera 
999 |c 311074  |d 311072 
952 |0 0  |1 0  |4 0  |6 428_071200000000000_ABB_1977  |7 0  |8 A  |9 380283  |a BIBEDU  |b BIBEDU  |d 2019-11-21  |i 4067479  |o 428.0712 ABB 1977  |p 4067479  |r 2019-11-21  |w 2019-11-21  |y BK  |k LIT